Begins and Ends: Premier League Clubs Quiz Stats

 Plays Quiz Updated Feb 19, 2019

Support Sporcle.
Go Orange.
Score 0/20 Timer 04:00
3 Plays Today
Begins and Ends Club % Correct
M _ _ _ _ _ _ _ _ R    U _ _ _ _ DManchester United
96.8%
A _ _ _ N    V _ _ _ AAston Villa
95.1%
L _ _ _ S    U _ _ _ _ DLeeds United
93.9%
F _ _ _ _ MFulham
91.2%
C _ _ _ _ _ L    P _ _ _ _ ECrystal Palace
90.9%
C _ _ _ _ _ F    C _ _ YCardiff City
90.3%
L _ _ _ _ _ _ _ LLiverpool
88.5%
E _ _ _ _ _ NEverton
88%
N _ _ _ _ _ H    C _ _ YNorwich City
87.7%
I _ _ _ _ _ H    T _ _ NIpswich Town
87.1%
Begins and Ends Club % Correct
D _ _ _ Y    C _ _ _ _ YDerby County
85.9%
N _ _ _ _ _ _ _ _ M    F _ _ _ _ TNottingham Forest
85.2%
S _ _ _ _ _ _ _ _ DSunderland
84.4%
B _ _ _ _ _ YBurnley
84.1%
C _ _ _ _ _ AChelsea
82.9%
W _ _ _ N    A _ _ _ _ _ _ CWigan Athletic
82.9%
B _ _ _ _ N    W _ _ _ _ _ _ _ SBolton Wanderers
80.1%
B _ _ _ _ _ _ _ N    R _ _ _ _ SBlackburn Rovers
79.6%
P _ _ _ _ _ _ _ _ HPortsmouth
76.5%
M _ _ _ _ _ _ _ _ _ _ _ HMiddlesbrough
66.8%

From the Vault

Sunday Crossword: The Breeze of Fall

by AuroraIllumina

Alright, who spilled the pumpkin spice latte?
Remove Ads.
Support Sporcle.
Get the best of Sporcle when you Go Orange. This ad-free experience offers more features, more stats, and more fun while also helping to support Sporcle. Thank you for becoming a member.

Show Comments

Extras

Top Quizzes Today


Score Distribution

Your Account Isn't Verified!

In order to create a playlist on Sporcle, you need to verify the email address you used during registration. Go to your Sporcle Settings to finish the process.

Report this User

Report this user for behavior that violates our Community Guidelines.

Details: